VÍTIMA DE ACIDENTE AÉREO - Statistics

Estatísticas Gerais
  • Esse quiz foi jogado 500 vezes
  • A pontuação média é 4 de 10
Estatísticas das Respostas
Hint Resposta % Correto
1 Acalmar
81%
2 Desligar bateria, cortar gasolina
44%
7 Não ingerir líquidos ou alimentos
37%
8 Não remover objetos
37%
6 Evitar remover capacete
36%
3 Risco de incêndio ou explosão - manter distância segura
36%
10 Deixar socorristas atuarem – maca de resgate
32%
4 Desaceleração brusca - decúbito dorsal
32%
5 Salto de paraquedas - manter próximo - decúbito dorsal
30%
9 Evitar atendimento leigo
28%
Nenhum quiz correspondente encontrado
Distribuição das Pontuações
Porcentagem de Pessoas com Cada Pontuação
Percentil de Números Respondidos
Sua Pontuação Histórica
Você não jogou esse quiz